Schauspieler anhand ihrer Rolle erraten - Statistiken

Allgemein
  • Dieses Quiz wurde 327 mal gespielt
  • Das Durchschnittsergebnis liegt bei 8 aus 30
Antwortstatistiken
Hint Antwort % Korrekt
Indiana Jones Harrison Ford
74%
Peter Parker (Homecoming) Tom Holland
65%
Jack Sparrow Jonny Depp
63%
Domenic Torreto Vin Diesel
51%
Sherlock Holmes Robert Downey Jr.
49%
Joker (Batman) Heath Ledger
45%
Steve Rogers Chris Evans
43%
Owen (Jurassic World) Chris Pratt
41%
Thomas Shelby Cillian Murphy
37%
Charlie Harper Charlie Sheen
34%
Lenny Feder (Kindsköpfe) Adam Sandler
33%
John Wick Keanu Reves
28%
Serena Van der Woodsen Blake Lively
25%
Königin der Drachen (Daenerys Tagaryan) Emilia Clarke
23%
Gladiator Russell Crowe
20%
Elena Gilbert Nina Dobrev
17%
John Schnee Kit Harington
16%
Sarah Cameron Madelyn Cline
15%
John Bennett (berfreundet mit einem Plüschtier) Mark Wahlberg
14%
Zodiac Ermittler (Robet Grayshall) Jake Gyllenhaal
13%
Winnetou Pierre Brice
11%
Sam Witwicky Shia laBeouf
10%
Archie Andrews (Teenserie) K. J. Apa
8%
Veronica Lodge (Teenserie) Camila Mendes
7%
Old Shaterhand Lex Barker
7%
Alan Grant (Dino Film) Sam Neil
6%
Naomi Lapaglia (w.o.w.s) Margot Robbie
5%
Mikaela Banes (Crush...) Megan Fox
4%
Vivian Word (Romanze Film) Julia Roberts
3%
Steph (Overdrive),(Tiefe Wasser) Ana de Armas
1%
Keine übereinstimmenden Quizze gefunden
Verteilung der Resultate
Anzahl Personen mit jedem Resultat
Perzentil nach korrekt beantworteten Fragen
Ihre Resultats-Entwicklung
Sie haben dieses Quiz noch nicht gespielt